ESSENTIAL OF PATHOLOGY FOR DENTAL STUDENTS (Record no. 2836)
[ view plain ]
| 000 -LEADER | |
|---|---|
| fixed length control field | 00379nam a2200145Ia 4500 |
| 008 - FIXED-LENGTH DATA ELEMENTS--GENERAL INFORMATION | |
| fixed length control field | 150201s2002 xx 000 0 und d |
| 082 ## - DEWEY DECIMAL CLASSIFICATION NUMBER | |
| Classification number | 615.695 |
| Item number | E2002M |
| 100 ## - MAIN ENTRY--PERSONAL NAME | |
| Personal name | HARSH MOHAN |
| 245 ## - TITLE STATEMENT | |
| Title | ESSENTIAL OF PATHOLOGY FOR DENTAL STUDENTS |
| 250 ## - EDITION STATEMENT | |
| Edition statement | 2ND |
| 260 ## - PUBLICATION, DISTRIBUTION, ETC. (IMPRINT) | |
| Name of publisher, distributor, etc. | JAYPEE MEDICAL PUBLISHER |
| Place of publication, distribution, etc. | DELHI |
| Date of publication, distribution, etc. | 2002 |
| 300 ## - PHYSICAL DESCRIPTION | |
| Extent | 1-544 |
| 650 ## - SUBJECT ADDED ENTRY--TOPICAL TERM | |
| Topical term or geographic name as entry element | ORAL PATHOLOGY |
| 942 ## - ADDED ENTRY ELEMENTS (KOHA) | |
| Source of classification or shelving scheme | Dewey Decimal Classification |
| Koha item type | Books |
| Koha issues (borrowed), all copies | 1 |
| Withdrawn status | Lost status | Source of classification or shelving scheme | Damaged status | Not for loan | Home library | Current library | Date acquired | Source of acquisition | Cost, normal purchase price | Serial Enumeration / chronology | SGTU | Bill Number | Total Checkouts | Full call number | Barcode | Date last seen | Date last checked out | Bill Date | Koha item type |
|---|---|---|---|---|---|---|---|---|---|---|---|---|---|---|---|---|---|---|---|
| Dewey Decimal Classification | SGT Dental Library | SGT Dental Library | 08/09/2003 | U.B.S.DELHI | 295.00 | 1 | SGTU | 555 | 1 | 615.695 E2002M | FD1454 | 05/08/2016 | 28/07/2016 | 28/02/2012 | Books | ||||
| weeded-out | Dewey Decimal Classification | SGT Dental Library | SGT Dental Library | 08/09/2003 | U.B.S.DELHI | 295.00 | 1 | SGTU | 555 | 19 | 615.695 E2002M | FD1455 | 29/07/2021 | 28/07/2021 | 28/02/2012 | Books | |||
| Dewey Decimal Classification | SGT Dental Library | SGT Dental Library | 08/09/2003 | U.B.S.DELHI | 295.00 | 1 | SGTU | 555 | 615.695 E2002M | FD1456 | 09/02/2015 | 28/02/2012 | Books | ||||||
| weeded-out | Dewey Decimal Classification | SGT Dental Library | SGT Dental Library | 08/09/2003 | U.B.S.DELHI | 295.00 | 1 | SGTU | 555 | 615.695 E2002M | FD1457 | 09/02/2015 | 28/02/2012 | Books |